Kémek Közművelődési Konferencia Szegeden
Elmentve itt :
| Dokumentumtípus: | Cikk |
|---|---|
| Megjelent: |
2001-01-01
|
| Sorozat: | PR Herald
|
| Kulcsszavak: | Konferencia, közművelődési |
| Online Access: | http://univ.bibl.u-szeged.hu/20207 |
| LEADER | 00435nab a2200145 i 4500 | ||
|---|---|---|---|
| 001 | univ20207 | ||
| 005 | 20171214104705.0 | ||
| 008 | 171214s2001 hu o 0|| zxx d | ||
| 040 | |a SZTE UnivHistória Repozitórium |b hun | ||
| 041 | |a zxx | ||
| 245 | 0 | 0 | |a Kémek |h [elektronikus dokumentum] : |b Közművelődési Konferencia Szegeden |
| 260 | |c 2001-01-01 | ||
| 490 | 0 | |a PR Herald | |
| 561 | |a Egyetemi hirarchívum | ||
| 695 | |a Konferencia, közművelődési | ||